000 00686cam a22002293a 4500
001 13436
003 PGUSA
005 20140828083305.0
008 040911s2004||||xxu|||||s|||||000 | eng d
040 _aPGUSA
_beng
042 _adc
050 4 _aDA
100 1 _aLoftie, W. J.
_q(William John),
_d1839-1911
245 1 0 _aAuthorised Guide to the Tower of London
_h[electronic resource] /
_cW. J. Loftie
260 _bProject Gutenberg,
_c2004
506 _aPublic domain in the USA.
516 _aElectronic text
653 _aTower of London (London, England) -- Guidebooks
830 0 _aProject Gutenberg
_v13436
856 4 0 _uhttp://www.gutenberg.org/ebooks/13436
942 _cEB
999 _c242691
_d242691